| 000 | 00690nam a2200229 a 4500 | ||
|---|---|---|---|
| 999 |
_c6692 _d6692 |
||
| 001 | 6692 | ||
| 003 | BD-JhCC | ||
| 005 | 20180314165715.0 | ||
| 008 | 180128s1901 enk f 000 1 eng d | ||
| 035 | _a(BD-JhCC)6692 | ||
| 040 |
_aBD-JhCC _dBD-JhCC |
||
| 041 | _aeng | ||
| 082 |
_a823.89 _bBAL 1901 |
||
| 100 | 1 |
_aBallantyne, R. M. _q(Robert Michael), _d1825-1894. |
|
| 245 | 1 | 4 |
_aThe Coral Island : _ba tale of the Pacific Ocean / _cby R.M. Ballantyne ; illustrated. |
| 260 |
_aLondon : _bJames Nisbet & Co., Limited, _c1901. |
||
| 300 |
_axii, 288 p., [4] leaves of plates : _bill. ; _c20 cm. |
||
| 500 | _aFiction. | ||
| 650 | _aAdverture Stories | ||
| 942 |
_2ddc _cBK |
||